[Event "GBR-ch blitz"]
[Site "Birmingham"]
[Date "2019.11.16"]
[Round "5"]
[White "Gormally, Daniel"]
[Black "Rush, Stephen"]
[Result "1-0"]
[WhiteElo "2555"]
[BlackElo "2006"]
[PlyCount "29"]
[EventDate "2019.11.16"]
[EventType "tourn (blitz)"]
[EventRounds "15"]
[EventCountry "ENG"]
[EventCategory "5"]
[SourceTitle "CBM 193 Extra"]
[Source "ChessBase"]
[SourceDate "2020.01.31"]
[SourceVersion "1"]
[SourceVersionDate "2020.01.31"]
[SourceQuality "1"]

1. d4 e6 2. Nf3 Nf6 3. c4 Bb4+ 4. Nbd2 0-0 5. a3 Be7 6. e4 d5 7. e5 Nfd7 8. Bd3 c5 9. h4 Nc6 10. Bxh7+ Kxh7 11. Ng5+ Kg8 12. Qh5 Bxg5 13. hxg5 f6 14. g6 Rf7 15. Qh8# 1-0

[Event "GBR-ch blitz"]
[Site "Birmingham"]
[Date "2019.11.16"]
[Round "13"]
[White "Rush, Stephen"]
[Black "Adair, James R"]
[Result "0-1"]
[WhiteElo "2006"]
[BlackElo "2484"]
[PlyCount "50"]
[EventDate "2019.11.16"]
[EventType "tourn (blitz)"]
[EventRounds "15"]
[EventCountry "ENG"]
[EventCategory "5"]
[SourceTitle "CBM 193 Extra"]
[Source "ChessBase"]
[SourceDate "2020.01.31"]
[SourceVersion "1"]
[SourceVersionDate "2020.01.31"]
[SourceQuality "1"]

1. d4 Nf6 2. c4 e6 3. Nc3 Bb4 4. f3 c5 5. d5 b5 6. e4 d6 7. Bd2 a6 8. cxb5 0-0 9. a4 exd5 10. Nxd5 Nxd5 11. exd5 Qh4+ 12. g3 Re8+ 13. Ne2 Qd4 14. Bxb4 Qxb4+ 15. Qd2 axb5 16. Qxb4 cxb4 17. a5 Bb7 18. Kd2 Bxd5 19. Nd4 Nc6 20. Nxb5 Nxa5 21. Nc7 Nb3+ 22. Kd3 Rxa1 23. Nxe8 Bxf3 24. Rg1 Rd1+ 25. Kc2 Nd4# 0-1

[Event "GBR-ch blitz"]
[Site "Birmingham"]
[Date "2019.11.16"]
[Round "7"]
[White "Rush, Stephen"]
[Black "Arkell, Keith C"]
[Result "0-1"]
[WhiteElo "2006"]
[BlackElo "2464"]
[PlyCount "50"]
[EventDate "2019.11.16"]
[EventType "tourn (blitz)"]
[EventRounds "15"]
[EventCountry "ENG"]
[EventCategory "5"]
[SourceTitle "CBM 193 Extra"]
[Source "ChessBase"]
[SourceDate "2020.01.31"]
[SourceVersion "1"]
[SourceVersionDate "2020.01.31"]
[SourceQuality "1"]

1. d4 e6 2. c4 Bb4+ 3. Nc3 c5 4. d5 Bxc3+ 5. bxc3 f5 6. Qc2 Nf6 7. f3 0-0 8. e4 fxe4 9. fxe4 exd5 10. cxd5 Nxe4 11. Nf3 d6 12. Bd3 Rxf3 13. gxf3 Qh4+ 14. Kf1 Ng3+ 15. hxg3 Qxh1+ 16. Ke2 Qg2+ 17. Ke3 Qxg3 18. Bxh7+ Kh8 19. Be4 Nd7 20. Bd2 Nf6 21. Rh1+ Kg8 22. c4 Ng4+ 23. Ke2 Qg2+ 24. Kd3 Ne5+ 25. Kc3 Qxh1 0-1

[Event "GBR-ch blitz"]
[Site "Birmingham"]
[Date "2019.11.16"]
[Round "8"]
[White "Tan, Justin Hy"]
[Black "Rush, Stephen"]
[Result "1-0"]
[WhiteElo "2469"]
[BlackElo "2006"]
[PlyCount "115"]
[EventDate "2019.11.16"]
[EventType "tourn (blitz)"]
[EventRounds "15"]
[EventCountry "ENG"]
[EventCategory "5"]
[SourceTitle "CBM 193 Extra"]
[Source "ChessBase"]
[SourceDate "2020.01.31"]
[SourceVersion "1"]
[SourceVersionDate "2020.01.31"]
[SourceQuality "1"]

1. e4 e6 2. d4 d5 3. Nc3 Bb4 4. exd5 exd5 5. Bd3 Nf6 6. Nge2 0-0 7. 0-0 c6 8. Bf4 Nbd7 9. a3 Be7 10. Ng3 Re8 11. Qd2 Nf8 12. Nf5 Bxf5 13. Bxf5 Ng6 14. Bg3 Bd6 15. Rae1 Qc7 16. Qg5 h6 17. Qd2 Nf4 18. Re3 N6h5 19. Rfe1 Rxe3 20. Qxe3 Nxg3 21. hxg3 Ng6 22. Bxg6 fxg6 23. Qe6+ Kh7 24. Re3 Rf8 25. Ne2 Rf6 26. Qe8 Rf8 27. Qe6 Rf6 28. Qg4 Qf7 29. f3 Rf5 30. Qh3 a5 31. g4 Rf6 32. g5 Rf5 33. gxh6 gxh6 34. g4 Rg5 35. Kf2 Kg7 36. Ke1 h5 37. gxh5 Rxh5 38. Qe6 Qc7 39. Qg4 Rf5 40. Re6 Rf6 41. Rxf6 Kxf6 42. f4 Qe7 43. Kd2 Qe4 44. Qg3 b5 45. Qg4 b4 46. axb4 axb4 47. Kd1 Qh1+ 48. Kd2 Qe4 49. b3 c5 50. dxc5 Bxc5 51. Qg3 Bb6 52. Kd1 Bc5 53. Qg5+ Kf7 54. Qh4 Be7 55. Qh7+ Kf6 56. Qh8+ Kf7 57. Qa8 d4 58. Qxe4 1-0

[Event "GBR-ch blitz"]
[Site "Birmingham"]
[Date "2019.11.16"]
[Round "6"]
[White "Willow, Jonah B"]
[Black "Rush, Stephen"]
[Result "1-0"]
[WhiteElo "2187"]
[BlackElo "2006"]
[PlyCount "106"]
[EventDate "2019.11.16"]
[EventType "tourn (blitz)"]
[EventRounds "15"]
[EventCountry "ENG"]
[EventCategory "5"]
[SourceTitle "CBM 193 Extra"]
[Source "ChessBase"]
[SourceDate "2020.01.31"]
[SourceVersion "1"]
[SourceVersionDate "2020.01.31"]
[SourceQuality "1"]

1. e4 e6 2. d4 d5 3. Nd2 c5 4. Ngf3 cxd4 5. exd5 Qxd5 6. Bc4 Qd6 7. 0-0 Nf6 8. Nb3 Nc6 9. Nbxd4 Nxd4 10. Nxd4 a6 11. Re1 Qc7 12. Bb3 Bd6 13. Nf5 Bxh2+ 14. Kh1 0-0 15. Nxg7 Rd8 16. Qf3 Kxg7 17. g3 b5 18. Kxh2 Bb7 19. Qf4 Qc6 20. Rg1 Rd1 21. f3 Rxg1 22. Kxg1 Qxf3 23. Qxf3 Bxf3 24. Bf4 Nd5 25. Be5+ f6 26. Bd4 Rd8 27. Kf2 Be4 28. Re1 Bf5 29. c3 Kf7 30. Kf3 h5 31. Kf2 a5 32. Bd1 Bg4 33. Bc2 b4 34. Be4 bxc3 35. bxc3 Ne7 36. Rb1 Rd7 37. Rb5 a4 38. Ra5 e5 39. Be3 Be6 40. Rxa4 Bd5 41. Bxd5+ Nxd5 42. c4 Nxe3 43. Kxe3 Rd4 44. Ra7+ Ke6 45. Rc7 Rd1 46. a4 Ra1 47. Ra7 Ra3+ 48. Kf2 Rc3 49. Rc7 Ra3 50. Ra7 Kf5 51. c5 Rc3 52. Rc7 Ra3 53. Rb7 Ke4 1-0

[Event "Ulster-ch"]
[Site "Belfast"]
[Date "2017.09.02"]
[Round "3.2"]
[White "Roberts, Danny"]
[Black "Rush, Stephen"]
[Result "1/2-1/2"]
[WhiteElo "1975"]
[BlackElo "2025"]
[PlyCount "49"]
[EventDate "2017.09.02"]
[EventType "swiss"]
[EventRounds "6"]
[EventCountry "NIR"]
[SourceTitle "EXT 2023"]
[Source "ChessBase"]
[SourceDate "2022.10.05"]
[SourceVersion "1"]
[SourceVersionDate "2022.10.05"]
[SourceQuality "1"]

1. c4 e5 2. Nc3 Nf6 3. Nf3 Nc6 4. d3 Bc5 5. g3 d5 6. cxd5 Nxd5 7. Bg2 Be6 8. Bd2 f6 9. a3 0-0 10. 0-0 Nd4 11. Ne4 Bb6 12. Rc1 Qe7 13. Nxd4 Bxd4 14. Qc2 c6 15. b4 Bb6 16. Nc5 Bf7 17. Na4 Bc7 18. e4 Nb6 19. Nc5 Bd6 20. Be3 Rfb8 21. Rfd1 Nd7 22. d4 Nxc5 23. dxc5 Bc7 24. Bf1 Rd8 25. Bc4 1/2-1/2